Every Fish in Sea of Thieves - Statistics

General Stats
  • This quiz has been taken 12 times
  • The average score is 20 of 50
Answer Stats
Species Fish % Correct
Splashtails Ruby Splashtail
100%
Splashtails Sunny Splashtail
90%
Wreckers Sun Wrecker
90%
Splashtails Umber Splashtail
80%
Splashtails Indigo Splashtail
70%
Splashtails Seafoam Splashtail
60%
Plentifins Amber Plentifin
50%
Ancientscales Bone Ancientscale
50%
Wreckers Moon Wrecker
50%
Wildsplashes Muddy Wildsplash
50%
Plentifins Olive Plentifin
50%
Wreckers Rose Wrecker
50%
Battlegills Sand Battlegill
50%
Wildsplashes Sandy Wildsplash
50%
Islehoppers Stone Islehopper
50%
Stormfish Ancient Stormfish
40%
Wreckers Blackcloud Wrecker
40%
Battlegills Jade Battlegill
40%
Devilfish Lava Devilfish
40%
Pondies Moonsky Pondie
40%
Islehoppers Raven Islehopper
40%
Battlegills Rum Battlegill
40%
Ancientscales Sapphire Ancientscale
40%
Battlegills Sky Battlegill
40%
Wreckers Snow Wrecker
40%
Ancientscales Almond Ancientscale
30%
Islehoppers Amethyst Islehopper
30%
Devilfish Ashen Devilfish
30%
Battlegills Bittersweet Battlegill
30%
Plentifins Bonedust Plentifin
30%
Wildsplashes Coral Wildsplash
30%
Devilfish Forsaken Devilfish
30%
Islehoppers Honey Islehopper
30%
Islehoppers Moss Islehopper
30%
Wildsplashes Ocean Wildsplash
30%
Stormfish Shadow Stormfish
30%
Stormfish Shores Stormfish
30%
Stormfish Twilight Stormfish
30%
Stormfish Wild Stormfish
30%
Pondies Bronze Pondie
20%
Pondies Charcoal Pondie
20%
Plentifins Cloudy Plentifin
20%
Devilfish Firelight Devilfish
20%
Pondies Orchid Pondie
20%
Wildsplashes Russet Wildsplash
20%
Devilfish Seashell Devilfish
20%
Ancientscales Smoke Ancientscale
20%
Ancientscales Starshine Ancientscale
20%
Plentifins Watery Plentifin
20%
Pondies Bright Pondie
10%
No matching quizzes found
Score Distribution
Percent of People with Each Score
Percentile by Number Answered
Your Score History
You have not taken this quiz